|
|
|
|
| LEADER |
00000nab a2200000 a 4500 |
| 001 |
vtls000741829 |
| 003 |
SK-MaSNL |
| 005 |
20260302194000.0 |
| 008 |
140507c2000 xo 0 slo |
| 015 |
|
|
|a SNBRB2000/12-30500
|
| 035 |
|
|
|a CLN000093669
|
| 040 |
|
|
|a SNKBUCL
|b slo
|c SNKBUCL
|e AACR2
|
| 041 |
0 |
|
|a slo
|
| 044 |
|
|
|a xo
|c SK
|
| 080 |
|
|
|a 301.163.4(100)
|2 1997
|
| 080 |
|
|
|a 327.39(100)
|2 1997
|
| 100 |
1 |
|
|a Ičo, Tibor
|4 aut
|9 359893
|
| 245 |
1 |
0 |
|a O globalizácii a zodpovednosti
|c Tibor Ičo
|
| 650 |
0 |
7 |
|a globalizácia svetová
|2 snkbucl
|9 843256
|
| 655 |
|
7 |
|a články z novín a časopisov
|2 snkbucl
|9 267496
|
| 773 |
0 |
|
|t Kultúrny život
|g Roč. 1, č. 4 (2000), s. 10
|x 1335-6976
|
| 850 |
|
|
|a Slovenská národná knižnica v Martine
|
| 852 |
|
|
|a SNK
|b KIS3GCP
|
| 992 |
|
|
|a RBX
|
| 999 |
|
|
|c 1446893
|d 1448823
|